000 00591nam a2200169 i 4500
001 83388
003 ES-MaACL
005 20230906174822.0
007 t|
008 041116s1982 sp ||||1| spa d
245 0 0 _aSalarios
_b: resultados correspondientes al período noviembre-diciembre 1981 y enero 1982 /
_cInstituto Nacional de Estadística.
260 _aMadrid :
_b[s.n.],
_c1982.
300 _aX, 44 p. ;
_c29 cm.
650 4 _aSalarios-
_zEspaña-
_vEstadísticas.
_9151363
710 2 _aInstituto Nacional de Estadística (España)
_95162
852 _aES-MaACL
_j2121-F-26
_bR.103511
999 _c83388
_d83388